[Event "Rhein Main op-A 20th"]
[Site "Bad Homburg"]
[Date "2017.06.17"]
[Round "6"]
[White "Nichols, Marc"]
[Black "Nagel, Bernhard"]
[Result "1/2-1/2"]
[WhiteElo "2124"]
[BlackElo "2217"]
[PlyCount "116"]
[EventDate "2017.06.14"]
[EventType "swiss"]
[EventRounds "7"]
[EventCountry "GER"]
[SourceTitle "EXT 2018"]
[Source "ChessBase"]
[SourceDate "2017.10.13"]
[SourceVersion "1"]
[SourceVersionDate "2017.10.13"]
[SourceQuality "1"]

1. e4 e5 2. Nf3 Nc6 3. Bc4 Nf6 4. d3 Be7 5. 0-0 0-0 6. a4 d6 7. Re1 h6 8. c3 Nh7 9. h3 Ng5 10. Nbd2 Be6 11. b4 Qd7 12. Bxe6 Qxe6 13. Nc4 Qg6 14. b5 Nd8 15. Nxg5 hxg5 16. Ne3 Ne6 17. g3 a6 18. Ba3 b6 19. Nd5 Bf6 20. Qb3 a5 21. Kg2 Rae8 22. Rad1 Bd8 23. d4 f6 24. Qc2 Qh5 25. Ne3 Rf7 26. Ng4 Qg6 27. Rd2 Nf8 28. Qd3 Rfe7 29. f3 Qf7 30. Ne3 Ng6 31. Nd5 Rd7 32. Rde2 Ne7 33. dxe5 fxe5 34. Bc1 Nxd5 35. exd5 Rf8 36. Re4 Qf5 37. R1e3 Rdf7 38. Rg4 Qxd3 39. Rxd3 Rf5 40. Bd2 R8f7 41. Rc4 Rf8 42. Be1 Kh7 43. Bf2 Kg6 44. Bg1 Kh7 45. Re4 Kg6 46. Bf2 R5f7 47. Be1 Rd7 48. c4 Bf6 49. Bc3 Rh8 50. Bd2 Kf7 51. Rg4 Rh5 52. Re3 Rd8 53. Re1 Rdh8 54. Rh1 Re8 55. Re4 Reh8 56. Bc3 Re8 57. Bd2 Reh8 58. Bc3 Re8 1/2-1/2

[Event "Oberliga Ost-B 1314"]
[Site "Germany"]
[Date "2014.04.06"]
[Round "11.7"]
[White "Nichols, Marc"]
[Black "Wohlfart, Paulus"]
[Result "1/2-1/2"]
[WhiteElo "2141"]
[BlackElo "2155"]
[PlyCount "24"]
[EventDate "2013.10.13"]
[EventType "team-tourn"]
[EventRounds "11"]
[EventCountry "GER"]
[SourceTitle "EXT 2015"]
[Source "ChessBase"]
[SourceDate "2014.11.20"]
[SourceVersion "1"]
[SourceVersionDate "2014.11.20"]
[SourceQuality "1"]
[WhiteTeam "Oberursel"]
[BlackTeam "Moerlenbach"]
[WhiteTeamCountry "GER"]
[BlackTeamCountry "GER"]

1. e4 c5 2. Nf3 e6 3. Nc3 a6 4. d4 cxd4 5. Nxd4 Qc7 6. Bd3 Nf6 7. 0-0 Bc5 8. Nb3 Be7 9. Be3 d6 10. a4 b6 11. Qe2 Nbd7 12. h3 Bb7 1/2-1/2

[Event "Oberliga Ost-B 1314"]
[Site "Germany"]
[Date "2014.03.16"]
[Round "9.6"]
[White "Nichols, Marc"]
[Black "Weiss, Werner"]
[Result "1-0"]
[WhiteElo "2141"]
[BlackElo "2189"]
[PlyCount "117"]
[EventDate "2013.10.13"]
[EventType "team-tourn"]
[EventRounds "11"]
[EventCountry "GER"]
[SourceTitle "EXT 2015"]
[Source "ChessBase"]
[SourceDate "2014.11.20"]
[SourceVersion "1"]
[SourceVersionDate "2014.11.20"]
[SourceQuality "1"]
[WhiteTeam "Oberursel"]
[BlackTeam "Liebschwitz"]
[WhiteTeamCountry "GER"]
[BlackTeamCountry "GER"]

1. e4 d6 2. d4 Nf6 3. Nc3 c6 4. f4 Qa5 5. Bd3 e5 6. Nf3 exd4 7. Nxd4 g6 8. Be3 Bg7 9. h3 0-0 10. Qf3 Nbd7 11. 0-0 Re8 12. Kh1 Qc7 13. a4 b6 14. Rfe1 Bb7 15. Bg1 a6 16. Nde2 b5 17. axb5 axb5 18. Rxa8 Rxa8 19. b3 b4 20. Nb1 c5 21. Nd2 Nb6 22. Qf2 Nfd7 23. Bh2 Re8 24. Qf1 d5 25. exd5 Nxd5 26. Nc4 Ne3 27. Nxe3 Rxe3 28. Ng1 Rxe1 29. Qxe1 Qc6 30. Qe8+ Nf8 31. Qxc6 Bxc6 32. f5 Nd7 33. Nf3 Bxf3 34. gxf3 Ne5 35. fxg6 hxg6 36. Be4 g5 37. f4 gxf4 38. Bxf4 f6 39. Kg2 Kf7 40. Bf5 Ke7 41. Kg3 Kd6 42. h4 Kd5 43. h5 Nf7 44. Bg6 Nh6 45. Bd3 Bf8 46. Kf3 Kd4 47. Bc1 Kc3 48. Bxh6 Bxh6 49. Kg4 c4 50. bxc4 b3 51. cxb3 Kxd3 52. Kf5 Bf8 53. Kxf6 Kc3 54. Kf7 Bc5 55. Ke6 Kxb3 56. Kd5 Be3 57. c5 Kb4 58. c6 Bf4 59. h6 1-0

[Event "Rhein Main op-A 16th"]
[Site "Bad Homburg"]
[Date "2013.06.01"]
[Round "6"]
[White "Wambach, Patrick"]
[Black "Nichols, Marc"]
[Result "0-1"]
[WhiteElo "1947"]
[BlackElo "2114"]
[PlyCount "78"]
[EventDate "2013.05.29"]
[EventType "swiss"]
[EventRounds "7"]
[EventCountry "GER"]
[SourceTitle "EXT 2014"]
[Source "ChessBase"]
[SourceDate "2013.11.20"]
[SourceVersion "1"]
[SourceVersionDate "2013.11.20"]
[SourceQuality "1"]

1. Nf3 Nf6 2. c4 g6 3. g3 Bg7 4. Bg2 0-0 5. 0-0 d6 6. Nc3 e5 7. d3 Nbd7 8. Rb1 a5 9. a3 Nc5 10. b4 axb4 11. axb4 Ne6 12. Bb2 Nd7 13. e3 Nb6 14. Qb3 Bd7 15. Ra1 Qe7 16. Nd5 Nxd5 17. cxd5 Rxa1 18. Rxa1 Nd8 19. Nd2 f5 20. Rc1 Bb5 21. Nc4 g5 22. Rf1 f4 23. Qd1 Qf7 24. Qf3 Bd7 25. h3 b5 26. Nd2 e4 27. Nxe4 Bxb2 28. Nxg5 Qg6 29. gxf4 Qxd3 30. Qg3 Qg6 31. Be4 Bf5 32. Bxf5 Rxf5 33. e4 Rf8 34. f5 Qg7 35. Kg2 Kh8 36. Ne6 Nxe6 37. fxe6 Qd4 38. Qh4 Rg8+ 39. Kh1 Qd3 0-1

[Event "Rhein Main op-A 16th"]
[Site "Bad Homburg"]
[Date "2013.05.31"]
[Round "4"]
[White "Koepke, Christian"]
[Black "Nichols, Marc"]
[Result "1-0"]
[WhiteElo "2370"]
[BlackElo "2114"]
[PlyCount "55"]
[EventDate "2013.05.29"]
[EventType "swiss"]
[EventRounds "7"]
[EventCountry "GER"]
[SourceTitle "EXT 2014"]
[Source "ChessBase"]
[SourceDate "2013.11.20"]
[SourceVersion "1"]
[SourceVersionDate "2013.11.20"]
[SourceQuality "1"]

1. e4 e6 2. b3 c5 3. Nf3 d6 4. Bb2 Nf6 5. e5 dxe5 6. Nxe5 Be7 7. Bd3 Nbd7 8. f4 0-0 9. 0-0 Qc7 10. Na3 a6 11. Qf3 Re8 12. Rae1 b5 13. c4 Bb7 14. Qh3 b4 15. Nc2 Rad8 16. Re3 Nf8 17. Ne1 Ng6 18. g4 Bd6 19. g5 Nd7 20. Nxf7 Bxf4 21. Bxg6 Nf8 22. Bxh7+ Nxh7 23. g6 Bxh2+ 24. Qxh2 Qxh2+ 25. Kxh2 Rxd2+ 26. Kg1 Rxb2 27. Rh3 Be4 28. Rxh7 1-0

[Event "Rhein Main op-A 16th"]
[Site "Bad Homburg"]
[Date "2013.05.30"]
[Round "2"]
[White "Boschek, Hans Joachim"]
[Black "Nichols, Marc"]
[Result "0-1"]
[WhiteElo "1928"]
[BlackElo "2114"]
[PlyCount "56"]
[EventDate "2013.05.29"]
[EventType "swiss"]
[EventRounds "7"]
[EventCountry "GER"]
[SourceTitle "EXT 2014"]
[Source "ChessBase"]
[SourceDate "2013.11.20"]
[SourceVersion "1"]
[SourceVersionDate "2013.11.20"]
[SourceQuality "1"]

1. c4 Nf6 2. g3 g6 3. Bg2 Bg7 4. Nc3 0-0 5. e4 d6 6. Nge2 e5 7. 0-0 Nc6 8. d3 a6 9. h3 Rb8 10. Bg5 Be6 11. Qd2 Qd7 12. Kh2 b5 13. cxb5 axb5 14. Rac1 b4 15. Nd5 Bxd5 16. exd5 Ne7 17. Bxf6 Bxf6 18. d4 Rb5 19. Rc4 Nxd5 20. dxe5 dxe5 21. Bxd5 Qxd5 22. Qxd5 Rxd5 23. Rxb4 e4 24. Nc3 Bxc3 25. bxc3 Re8 26. Re1 Rd2 27. Kg2 e3 28. Rf4 Rxa2 0-1

[Event "Rhein Main op-A 16th"]
[Site "Bad Homburg"]
[Date "2013.05.30"]
[Round "3"]
[White "Nichols, Marc"]
[Black "Fernandez Egea, Andres"]
[Result "1-0"]
[WhiteElo "2114"]
[BlackElo "1999"]
[PlyCount "49"]
[EventDate "2013.05.29"]
[EventType "swiss"]
[EventRounds "7"]
[EventCountry "GER"]
[SourceTitle "EXT 2014"]
[Source "ChessBase"]
[SourceDate "2013.11.20"]
[SourceVersion "1"]
[SourceVersionDate "2013.11.20"]
[SourceQuality "1"]

1. e4 e5 2. f4 exf4 3. Nf3 g5 4. h4 g4 5. Ne5 h5 6. Bc4 Nh6 7. d4 d6 8. Nd3 Nc6 9. Nxf4 g3 10. Qxh5 Nxd4 11. Qd1 Qf6 12. Be3 Ne6 13. Nxe6 fxe6 14. Nc3 c6 15. Qe2 Nf7 16. h5 b5 17. Bb3 b4 18. Na4 Qe5 19. 0-0-0 c5 20. Qb5+ Ke7 21. Nxc5 Bg7 22. Qc6 Qxb2+ 23. Kd2 Qc3+ 24. Ke2 e5 25. Qc7+ 1-0

[Event "Oberliga Ost-B 1112"]
[Site "Germany"]
[Date "2012.02.26"]
[Round "8.8"]
[White "Nguyen, Huy Dat"]
[Black "Nichols, Marc"]
[Result "0-1"]
[WhiteElo "1733"]
[BlackElo "2087"]
[PlyCount "66"]
[EventDate "2011.10.02"]
[EventType "team-tourn"]
[EventRounds "11"]
[EventCountry "GER"]
[SourceTitle "EXT 2013"]
[Source "ChessBase"]
[SourceDate "2012.11.22"]
[SourceVersion "1"]
[SourceVersionDate "2012.11.22"]
[SourceQuality "1"]
[WhiteTeam "Erfurt Medizin"]
[BlackTeam "Oberursel"]
[WhiteTeamCountry "GER"]
[BlackTeamCountry "GER"]

1. d4 Nf6 2. c4 g6 3. g3 Bg7 4. Bg2 0-0 5. Nf3 d6 6. 0-0 Nbd7 7. Nc3 e5 8. e4 a6 9. h3 Rb8 10. a4 exd4 11. Nxd4 Re8 12. Be3 c5 13. Nde2 Ne5 14. b3 Qc7 15. Ra2 h6 16. f4 Nc6 17. Rd2 Bf5 18. exf5 Rxe3 19. fxg6 fxg6 20. Rxd6 Nd4 21. Rxd4 cxd4 22. Qxd4 Rbe8 23. Qd2 Qe7 24. Bf3 Rd8 25. Qc2 Rdd3 26. Kg2 Qb4 27. Rd1 Rxc3 28. Nxc3 Rxc3 29. Qxg6 Qe7 30. Qf5 Rxb3 31. Qc8+ Bf8 32. Bg4 Qe4+ 33. Kh2 Rb2+ 0-1

[Event "Oberliga Ost-B 1112"]
[Site "Germany"]
[Date "2011.12.11"]
[Round "5.8"]
[White "Nichols, Marc"]
[Black "Pichl, Michael"]
[Result "1-0"]
[WhiteElo "2087"]
[BlackElo "2074"]
[PlyCount "103"]
[EventDate "2011.10.02"]
[EventType "team-tourn"]
[EventRounds "11"]
[EventCountry "GER"]
[SourceTitle "EXT 2013"]
[Source "ChessBase"]
[SourceDate "2012.11.22"]
[SourceVersion "1"]
[SourceVersionDate "2012.11.22"]
[SourceQuality "1"]
[WhiteTeam "Oberursel"]
[BlackTeam "Erfurt Empor"]
[WhiteTeamCountry "GER"]
[BlackTeamCountry "GER"]

1. e4 c5 2. Nf3 g6 3. c4 Bg7 4. d4 cxd4 5. Nxd4 Nc6 6. Be3 Nf6 7. Nc3 0-0 8. h3 d6 9. Be2 a6 10. Qd2 Nxd4 11. Bxd4 Be6 12. 0-0 Qa5 13. Rad1 Rfc8 14. Bxf6 exf6 15. Nd5 Qd8 16. Ne3 Bf8 17. f4 b5 18. b3 Rab8 19. f5 Bd7 20. Nd5 g5 21. Qd4 Be7 22. h4 h6 23. hxg5 fxg5 24. f6 Bf8 25. Kh1 Be6 26. Qe3 Rc5 27. b4 Rc6 28. cxb5 axb5 29. Rc1 Bxd5 30. exd5 Rxc1 31. Qxc1 Rc8 32. Qe3 Qd7 33. Qf3 Qe8 34. Bd3 Qe5 35. Bxb5 Rc3 36. Bd3 Qd4 37. Rd1 Qxb4 38. g3 Qa4 39. Kg2 Qxa2+ 40. Kh3 Qa4 41. Qf5 Rxd3 42. Rxd3 Qa1 43. Kg2 Qc1 44. Rf3 Qd2+ 45. Rf2 Qd1 46. Rc2 g4 47. Rf2 Qd4 48. Re2 Kh8 49. Kh2 Kg8 50. Qf4 Qxd5 51. Qxg4+ Kh8 52. Re8 1-0